| 000 | 00764nam a22001817a 4500 | ||
|---|---|---|---|
| 999 |
_c14894 _d14894 |
||
| 003 | OSt | ||
| 082 | _2664 SAF/OP | ||
| 088 | _aP370 | ||
| 100 |
_aSAFEENA P.A _aSRAVAN RAJ _aSREELATHA E _aSTENY SIMON _aTHEERTHA M.S _93864 |
||
| 245 | _aOptimization of microwave Assisted Process for Extraction of Nutmeg Seed Essential Oil | ||
| 260 |
_aTavanur 2017 _bDepartment of Food & Agricultural Process Engineering |
||
| 300 | _a60 | ||
| 500 | _aOptimization of microwave Assisted Process for Extraction of Nutmeg Seed Essential Oil | ||
| 520 | _aOptimization of microwave Assisted Process for Extraction of Nutmeg Seed Essential Oil | ||
| 700 |
_aDr. Prince M.V (Guide) _93452 |
||
| 856 | _uhttps://drive.google.com/open?id=1NWzvRporPdx5VIJHaHFvf9xTfwUKeuE1 | ||
| 942 | _cPR | ||